| 000 | 00670nam a2200205Ia 4500 | ||
|---|---|---|---|
| 003 | IN-BaIIA | ||
| 008 | 211028s9999 xx 000 0 eng d | ||
| 040 | _cIIA Library | ||
| 080 |
_a539.1 _bBRI-12.pt.1 |
||
| 245 | 0 |
_aProgress in nuclear physics _bvol. 12, pt.1, K. Meson Leptonic Decay _cedited by Brink D. M. and Mulvey J. H. |
|
| 260 |
_aOxford _bPergamon Press _c1970 |
||
| 300 | _a75p. | ||
| 650 |
_aMuouns _96308 |
||
| 650 | _aNASA Thesaurus | ||
| 650 |
_aNuclear Interactions _91888 |
||
| 650 |
_aNuclear Physics _91527 |
||
| 700 |
_aBrink, D. M.,ed. _96309 |
||
| 700 |
_aMulvey, J. H., ed. _96310 |
||
| 942 | _cBK | ||
| 999 |
_c3567 _d3567 |
||